01840nam a22002417a 4500003000900000008004100009040007100050082002400121110004900145245009500194260004600289300002900335440006000364505097800424650002801402650002501430650002301455650002601478650002101504700003001525700002301555700002001578AR-CdUCM190425b ||||| |||| 00| 0 spa d aMUNICIPALIDAD PROVINCIAL DEL CUSCOcBIBLIOTECA MUNICIPAL DEL CUSCO aHist.Ecle/N°3/1994 aInstituto Peruano de Historia Eclesiástica aRevista peruana de Historia Eclesiástica /cInstituto Peruano de Historia Eclesiástica aLima.bServicio copias Gráficas,c1994. a258 páginas. :c22 cm. aRevista peruana de Historia Eclesiástica.nN°3,1994. aContenido: Las ordenes religiosas y la población andina. -- Clero diocesano y población andina. José Dammert Bellido. -- Los dominicos y la población andina siglos XVI-XVIII. Guillermo Álvarez. -- Los franciscanos y la defensa de la población andina del Perú siglos XVI-XVIII. Federico Richter. -- Los agustinos y la defensa de los naturales del Perú. Benigno Uyarra Cámara. -- Los mercedarios y la defensa del hombre andino siglos XVI-XVIII. Severo Aparicio. -- Jesuitas en el mundo andino las reducciones de Juli. Armando Nieto Vélez. -- Los franciscanos del Perú defensores del nativo. Julián Heras. -- La población nativa en los concilios limenses y sínodos diocesanos. José Dammert Bellido. -- La corona española y la población indígena. Guillermo Lohmann Villena. -- La cultura en el Perú en los últimos tiempos de la evangelización. Franklin Pease. -- La actitud de la Iglesia ante la población negra. Jean Pierre Tardieu. aHistoria eclesiástica aEducación colonial aHistoria del Cusco aReligión católica aEvangelización aLohman Villena, Guillermo aRichter, Federico aDammert, José